000 01367cam a22003254i 4500
999 _c61302
_d61302
001 18406595
005 20240131172200.0
008 141215s2015 cau b 001 0 eng
010 _a 2014046175
020 _a9781452217635 X(pbk. : alk. paper)
040 _aDLC
_beng
_cDLC
_erda
_dDLC
042 _apcc
050 0 0 _aJF1525.I6
_bF58 2016
080 _a355.40 The-44
245 1 4 _aThe five disciplines of intelligence collection /
_cMark M. Lowenthal, Robert M. Clark, editors.
264 1 _aLOs Angeles:
_bCQ Press,
_c[2016]
300 _axxvi, 232 pages :
_billustrations ;
_c23 cm.
336 _atext
_2rdacontent
337 _aunmediated
_2rdamedia
338 _avolume
_2rdacarrier
504 _aIncludes bibliographical references and index.
650 0 _aIntelligence service
_xMethodology.
_921167
653 _aდაზვერვის შეგროვების ხუთი დისციპლინა
653 _aდაზვერვის სამსახური მეთოდოლოგია.
700 1 _aLowenthal, Mark M. [რედაქტორი]
_921168
700 1 _aClark, Robert M. [რედაქტორი]
_921169
906 _a7
_bcbc
_corignew
_d1
_eecip
_f20
_gy-gencatlg
942 _2udc
_cᲬᲘᲒᲜᲘ
955 _bre04 2014-12-15
_ire04 2014-12-15
_axn02 2015-05-08 1 copy rec'd., to CIP ver.